[Event "ARG-ch sf 92nd"]
[Site "Buenos Aires"]
[Date "2017.07.13"]
[Round "4"]
[White "Hernandez Amura, Luis Eduardo"]
[Black "Beroiz, Julian"]
[Result "0-1"]
[WhiteElo "1919"]
[BlackElo "2096"]
[PlyCount "90"]
[EventDate "2017.07.10"]
[EventType "swiss"]
[EventRounds "9"]
[EventCountry "ARG"]
[SourceTitle "EXT 2018"]
[Source "ChessBase"]
[SourceDate "2017.10.13"]
[SourceVersion "1"]
[SourceVersionDate "2017.10.13"]
[SourceQuality "1"]

1. d4 Nf6 2. Nf3 e6 3. e3 d5 4. Bd3 c5 5. b3 Nc6 6. a3 Bd6 7. Bb2 Qe7 8. 0-0 e5 9. Bb5 Bg4 10. dxe5 Bxe5 11. Bxe5 Bxf3 12. Qxf3 Qxe5 13. Ra2 a6 14. Bxc6+ bxc6 15. c4 0-0 16. cxd5 cxd5 17. Rc1 Rab8 18. Nd2 Rfc8 19. Rac2 Qe7 20. h3 h6 21. Qf5 Rc6 22. Qf4 Rbc8 23. Qa4 Qb7 24. Rc3 Qb5 25. Qf4 a5 26. e4 dxe4 27. Nxe4 Nd5 28. Qe5 Nxc3 29. Rxc3 Re6 30. Qf4 Qb8 31. Qxb8 Rxb8 32. Nxc5 Rc6 33. Kf1 Rb5 34. b4 axb4 35. axb4 Rxb4 36. Ke2 Rb5 37. Ne4 Rb2+ 38. Ke3 Re6 39. Kf3 f5 40. Ng3 Rd6 41. Re3 f4 42. Kxf4 Rxf2+ 43. Ke5 Rd8 44. Nf5 Re8+ 45. Kd4 Rf4+ 0-1

[Event "Buenos Aires Duchamp Boca op 3rd"]
[Site "Buenos Aires"]
[Date "2013.06.20"]
[Round "1"]
[White "Hernandez Amura, Luis Eduardo"]
[Black "Ibanez, Fernando"]
[Result "1-0"]
[WhiteElo "1515"]
[BlackElo "2089"]
[PlyCount "47"]
[EventDate "2013.06.20"]
[EventType "swiss"]
[EventRounds "9"]
[EventCountry "ARG"]
[SourceTitle "CBM 155 Extra"]
[Source "ChessBase"]
[SourceDate "2013.08.26"]
[SourceVersion "1"]
[SourceVersionDate "2013.08.26"]
[SourceQuality "1"]

1. e4 c5 2. Nc3 Nc6 3. Bb5 g6 4. Bxc6 dxc6 5. d3 Bg7 6. f4 c4 7. Nf3 cxd3 8. cxd3 Nf6 9. 0-0 0-0 10. Qe2 Qa5 11. Bd2 Qa6 12. Rad1 Rd8 13. Bc1 Bg4 14. h3 Be6 15. b3 Nh5 16. Qd2 Ng3 17. Rf2 Bxc3 18. Qxc3 Nxe4 19. Qe5 Rxd3 20. Rxd3 Qxd3 21. Bb2 Nf6 22. g4 Qd5 23. Qc3 Rd8 24. Rd2 1-0